<?xml version="1.0" encoding="UTF-8"?><?xml-stylesheet type="text/xsl" href="static/style.xsl"?><OAI-PMH xmlns="http://www.openarchives.org/OAI/2.0/" xmlns:xsi="http://www.w3.org/2001/XMLSchema-instance" xsi:schemaLocation="http://www.openarchives.org/OAI/2.0/ http://www.openarchives.org/OAI/2.0/OAI-PMH.xsd"><responseDate>2026-06-29T22:10:37Z</responseDate><request verb="GetRecord" identifier="oai:riubu.ubu.es:10259/7945" metadataPrefix="marc">https://riubu.ubu.es/oai/request</request><GetRecord><record><header><identifier>oai:riubu.ubu.es:10259/7945</identifier><datestamp>2024-11-19T10:34:39Z</datestamp><setSpec>com_10259_2699</setSpec><setSpec>col_10259_2717</setSpec></header><metadata><record xmlns="http://www.loc.gov/MARC21/slim" xmlns:doc="http://www.lyncode.com/xoai" xmlns:xsi="http://www.w3.org/2001/XMLSchema-instance" xmlns:dcterms="http://purl.org/dc/terms/" xsi:schemaLocation="http://www.loc.gov/MARC21/slim http://www.loc.gov/standards/marcxml/schema/MARC21slim.xsd">
<leader>00925njm 22002777a 4500</leader>
<datafield tag="042" ind1=" " ind2=" ">
<subfield code="a">dc</subfield>
</datafield>
<datafield tag="720" ind1=" " ind2=" ">
<subfield code="a">Fernández Pérez, María del Rosario</subfield>
<subfield code="e">author</subfield>
</datafield>
<datafield tag="260" ind1=" " ind2=" ">
<subfield code="c">2023</subfield>
</datafield>
<datafield tag="520" ind1=" " ind2=" ">
<subfield code="a">La presente tesis doctoral tiene como objetivo profundizar en el estudio de la rendición de&#xd;
cuentas de una compra pública sostenible y estratégica. Para ello, esta tesis se asienta en un&#xd;
marco teórico de tres pilares, que permite establecer un método objetivo capaz de comprobar si&#xd;
la compra pública desempeña el papel mediador en la implementación de las prácticas&#xd;
sostenibles. El primero de los pilares abarca las dimensiones o áreas de responsabilidad de la&#xd;
compra pública sostenible (económica, legal, de equidad, ética y de la misión). El segundo,&#xd;
considera la compra pública como un proceso. Y el tercero, examina cómo se rinden cuentas&#xd;
sobre la efectividad de los objetivos políticos a través de indicadores, estudiando para ello, las&#xd;
características cualitativas de la información contenida en ellos. Partiendo de este marco&#xd;
teórico, esta investigación lleva a cabo un análisis documental y un estudio de caso como&#xd;
métodos para explorar las prácticas de contratación en las administraciones públicas.</subfield>
</datafield>
<datafield tag="024" ind2=" " ind1="8">
<subfield code="a">http://hdl.handle.net/10259/7945</subfield>
</datafield>
<datafield tag="024" ind2=" " ind1="8">
<subfield code="a">10.36443/10259/7945</subfield>
</datafield>
<datafield ind1=" " ind2=" " tag="653">
<subfield code="a">Compra pública</subfield>
</datafield>
<datafield ind1=" " ind2=" " tag="653">
<subfield code="a">Contabilidad social</subfield>
</datafield>
<datafield ind1=" " ind2=" " tag="653">
<subfield code="a">Rendición de cuentas</subfield>
</datafield>
<datafield ind1=" " ind2=" " tag="653">
<subfield code="a">Indicadores</subfield>
</datafield>
<datafield ind1=" " ind2=" " tag="653">
<subfield code="a">Análisis documental</subfield>
</datafield>
<datafield ind1=" " ind2=" " tag="653">
<subfield code="a">Estudio de caso</subfield>
</datafield>
<datafield ind1=" " ind2=" " tag="653">
<subfield code="a">Public procurement</subfield>
</datafield>
<datafield ind1=" " ind2=" " tag="653">
<subfield code="a">Social accounting</subfield>
</datafield>
<datafield ind1=" " ind2=" " tag="653">
<subfield code="a">Accountability</subfield>
</datafield>
<datafield ind1=" " ind2=" " tag="653">
<subfield code="a">Indicators</subfield>
</datafield>
<datafield ind1=" " ind2=" " tag="653">
<subfield code="a">Content analysis</subfield>
</datafield>
<datafield ind1=" " ind2=" " tag="653">
<subfield code="a">Case study</subfield>
</datafield>
<datafield tag="245" ind1="0" ind2="0">
<subfield code="a">Compra pública sostenible y estratégica: una aproximación al concepto de rendición de cuentas en el proceso de la compra pública sostenible a través de indicadores</subfield>
</datafield>
</record></metadata></record></GetRecord></OAI-PMH>